000 01433nam a2200349 i 4500
001 18220
003 Mx-PuUPA
005 20250923143306.0
008 140415s1993 mx a gr 001 0 spa d
020 _a9682518520
_qvol. 1
020 _a9682516145
_qobra completa
040 _aMx-PuUPA
_bspa
_cMx-PuUPA
_dMx-PuUPA
_erda
041 0 _aspa
_heng
100 1 _aWaechter, Eugenia H.,
_eautor
240 1 0 _aNurse Care of Children.
_lEspañol
245 1 0 _aEnfermería Pediátrica.
_nVolumen I /
_cEugenia H. Waetchter, Jane Phillips, Bonnie Holaday ; traducción, Ma. Teresa Aguilar Ortega, Ma. Teresa Martínez de Z.
250 _aQuinta edición /
_ben español
264 _aMéxico, D.F. :
_bNueva Editorial Interamericana,
_c1993
300 _axiv, 871 páginas :
_bilustraciones (blanco y negro) ;
_c27 cm
336 _2rdacontent
_atexto
_btxt
337 _2rdamedia
_asin medio
_bn
338 _2rdacarrier
_avolumen
_bnc
650 7 _aEnfermería pediátrica
_2armarc
700 1 _aPhillips, Jane,
_eautor
700 1 _aHoladay, Bonnie,
_eautor
700 1 _aAguilar Ortega, Ma. Teresa,
_etraductor
700 1 _aMartínez de Z., Ma. Teresa,
_etraductor
765 0 _aWaechter, Eugenia H.
_tNurse Care of Children
_bDécima edición
_dPhiladelphia, Pennsylvania : Lippincott Company, ©1985
_z0397542577
942 _2ddc
_cLI
_h618.9200231
_iW2618
999 _c18220
_d18220